000 00489cam a22002172a 4500
001 023000
003 AR-FADEU
008 311216n1987####xxu####################dd
020 _a0-340-416506
092 _a912.931
_bK52
100 _aKing, Michael
245 _aNew Zealand
260 _aLondon
260 _bHodder and Stoughton
260 _c1987
300 _a172 p. : il., col
700 _aEric, Taylor
650 _aNUEVA ZELANDA
546 _aInglés
942 _cBDGR
999 _c28693
_d28693